|
|
|
|
| LEADER |
00000nam0a2200000 4500 |
| 001 |
211743 |
| 005 |
20231101225714.0 |
| 010 |
|
|
|a 9785750204090
|
| 010 |
|
|
|a 978-5-9775-0799-8
|
| 035 |
|
|
|a (RuTPU)RU\TPU\book\231319
|
| 090 |
|
|
|a 211743
|
| 100 |
|
|
|a 20120319d2012 km y0rusy50 ca
|
| 101 |
1 |
|
|a rus
|c eng
|
| 102 |
|
|
|a RU
|
| 105 |
|
|
|a a z 001zy
|
| 200 |
1 |
|
|a Обеспечение высокой доступности систем на основе MySQL
|e пер. с англ.
|f Ч. Белл, М. Киндал, Л. Талманн
|
| 210 |
|
|
|a СПб.
|c БХВ-Петербург
|d 2012
|
| 215 |
|
|
|a 606 с.
|c ил.
|
| 320 |
|
|
|a Предметный указатель: с. 580-605.
|
| 330 |
|
|
|a Данная книга - подробное руководство по обеспечению высокой доступности ИТ-систем, построенных с использованием СУБД MySQL. Здесь рассматриваются методические приемы и функции, раскрываются общие подходы и тонкости, связанные с репликацией и мониторингом серверов баз данных. Авторы — лидеры команды разработчиков MySQL и признанные эксперты в области теории и практики применения СУБД — приводят множество реальных примеров, сопровождая их подробным анализом. «Изюминкой» книга является рассказ о недокументированных и неочевидных функциях, позволяющих повысить отказоустойчивость MySQL в любой среде — в среде «обычных», виртуальных и кластерных серверов, а также в облачных вычислениях. Издание состоит из пятнадцати глав и предметного указателя. Рекомендуется системным администраторам, администраторам БД и всем интересующимся практическими аспектами повышения надежности ИТ-систем.
|
| 606 |
1 |
|
|a SQL - структурированный язык запросов
|2 stltpush
|3 (RuTPU)RU\TPU\subj\71113
|9 85161
|
| 610 |
1 |
|
|a базы данных
|
| 610 |
1 |
|
|a данные
|
| 610 |
1 |
|
|a СУБД
|
| 610 |
1 |
|
|a система управления базами данных
|
| 610 |
1 |
|
|a MySQL Cluster
|
| 610 |
1 |
|
|a репликация
|
| 610 |
1 |
|
|a доступность
|
| 610 |
1 |
|
|a масштабирование
|
| 610 |
1 |
|
|a мониторинг
|
| 610 |
1 |
|
|a информация
|
| 610 |
1 |
|
|a защита
|
| 610 |
1 |
|
|a облачные вычисления
|
| 675 |
|
|
|a 004.655.3
|v 4
|
| 700 |
|
1 |
|a Белл
|b Ч.
|g Чарльз
|
| 701 |
|
1 |
|a Киндал
|b М.
|g Мэтс
|
| 701 |
|
1 |
|a Талманн
|b Л.
|g Ларс
|
| 801 |
|
1 |
|a RU
|b 63413507
|c 20120319
|
| 801 |
|
2 |
|a RU
|b 63413507
|c 20140512
|g RCR
|
| 942 |
|
|
|c BK
|
| 959 |
|
|
|a 15/20120206
|d 1
|e 479,00
|f ЧЗТЛ:1
|